| 000 | 01460nam a2200337Ia 4500 | ||
|---|---|---|---|
| 001 | dia_1068 | ||
| 003 | CHAP | ||
| 005 | 20251127091523.0 | ||
| 008 | 220117s1982 xx 000 0 und d | ||
| 010 | _a171615 | ||
| 040 | _cCHAP | ||
| 082 | _a338.7664 M49 1982 | ||
| 110 |
_aMéxico. Secretaría de Agricultura y Recursos Hidráulicos _976864 |
||
| 245 |
_aDiagnóstico agroindustrial / _c Secretaría de Agricultura y Recursos Hidráulicos. Coordinación General de Desarrollo Agroindustrial |
||
| 260 |
_aMéxico : _b SARH, _c1982 |
||
| 300 | _av. | ||
| 410 | _aLA BIBLIOTECA TIENE V.18 ESTADO DE MEXICO, V22. ESTADO DE SONORA, V.24 MICHOACAN | ||
| 440 |
_aDocumentos Técnicos para el Desarrollo Agroindustrial _933294 |
||
| 500 | _aLa biblioteca tiene los v. 17, 18, 22, 23 y 24 | ||
| 503 | _aD (ej.1 v.17) \ D (ej.3 v.18) \ D (ej.3 v.22) \ D (ej.1 v.23) \ D (ej.2 v.24) | ||
| 504 | _aIncluyen bibliografías | ||
| 505 | _av. 17. Veracruz \ v. 18. Estado de México \ v. 22. Sonora \ v. 23. Chihuahua \ v. 24. Michoacán | ||
| 590 | _aHD9000 M49 1982 | ||
| 650 | 0 |
_aAgricultural industry _xEconomical aspects _zMexico _9148756 |
|
| 650 |
_aIndustria agrícola _xAspectos económicos _xMéxico _9148738 |
||
| 710 |
_aSecretaría de Agricultura y Recursos Hidráulicos (México) _9149939 |
||
| 901 | _a338.7664 M49 1982 | ||
| 902 | _aM | ||
| 905 | _a5222271982 MX abmn8225223322SPA16 | ||
| 942 |
_cLIBRO _2ddc |
||
| 999 |
_c171615 _d171615 |
||